Sports Quiz

Random Sports or Company Quiz

WWE/WCW Cruiserweight Champions Quiz Stats

 Plays Quiz Updated May 3, 2017

Support Sporcle.
Go Orange.
Score 0/79 Timer 07:00
10 Plays Today
Year Champion % Correct
1996Rey Misterio, Jr.
95.8%
1997Rey Misterio, Jr.
95.8%
1998Rey Misterio, Jr.
95.8%
1999Rey Misterio, Jr.
95.8%
1999Rey Misterio, Jr.
95.8%
2003Rey Misterio, Jr.
95.8%
2004Rey Misterio, Jr.
95.8%
2004Rey Misterio, Jr.
95.8%
2000Lieutenant Loco
88.5%
2000Chavo Guerrero, Jr.
88.5%
2004Chavo Guerrero
88.4%
2004Chavo Guerrero
88.4%
2005Chavo Guerrero
88.4%
2007Chavo Guerrero
88.4%
1997Eddy Guerrero
87.3%
1997Eddy Guerrero
87.3%
2004Chavo Classic
82%
1997Chris Jericho
76.4%
1997Chris Jericho
76.4%
1998Chris Jericho
76.4%
1998Chris Jericho
76.4%
1996Dean Malenko
72%
1996Dean Malenko
72%
1996Dean Malenko
72%
1998Dean Malenko
72%
1998Billy Kidman
70.5%
1998Billy Kidman
70.4%
2000Billy Kidman
70.4%
2001Billy Kidman
70.4%
2001Billy Kidman
70.4%
2002Billy Kidman
70.4%
2002Billy Kidman
70.4%
2002The Hurricane
63.5%
2006Gregory Helms
63.4%
2001Shane Helms
62%
2005Juventud Guerrera
61.7%
2005Juventud Guerrera
61.7%
2003Matt Hardy
61.5%
1998Juventud Guerrera
60.9%
1998Juventud Guerrera
60.9%
Year Champion % Correct
1998Juventud Guerrera
60.9%
2007Hornswoggle
57.4%
1997Syxx
56.9%
2001X-Pac
56.9%
1999Psychosis
55.9%
1999Psychosis
55.9%
2002Jamie Noble
52.9%
1996Ultimo Dragon
51.6%
1997Ultimo Dragon
51.6%
2001Tajiri
51.4%
2002Tajiri
51.4%
2003Tajiri
51.4%
1991Brian Pillman
46.9%
1992Brian Pillman
46.9%
1991Jushin Liger
45.5%
2005Paul London
44.9%
2004Spike Dudley
37.3%
2004Funaki
36.7%
2005Kid Kash
34.3%
1999Disco Inferno
32.1%
1997Alex Wright
31.5%
2000Lance Storm
30.6%
1992Scotty Flamingo
30.5%
2005Nunzio
30.5%
2005Nunzio
30.5%
2004Jacqueline
29.7%
1999Madusa
29.6%
2000Oklahoma
26.6%
2000The Artist
24.9%
2000The Artist
24.9%
1999Evan Karagias
24%
1992Brad Armstrong
23.2%
2000Elix Skipper
22.5%
2000Crowbar and Daffney
21.4%
1999Lenny Lane
19.9%
2000Daffney
18.6%
1996Shinjiro Otani
18.6%
2000Chris Candido
18.1%
2000Mike Sanders
15.8%

From the Vault

AFC Championship Starting QBs

by awesnap

Sports 6m
The pressure is real.
Remove Ads.
Support Sporcle.
Get the best of Sporcle when you Go Orange. This ad-free experience offers more features, more stats, and more fun while also helping to support Sporcle. Thank you for becoming a member.

Show Comments

Extras

Top Quizzes Today


Score Distribution

Your Account Isn't Verified!

In order to create a playlist on Sporcle, you need to verify the email address you used during registration. Go to your Sporcle Settings to finish the process.

Report this User

Report this user for behavior that violates our Community Guidelines.

Details: